|
|
|
|
| LEADER |
00000nam0a2200000 4500 |
| 001 |
288981 |
| 005 |
20231102000137.0 |
| 020 |
|
|
|a RU
|b 85-79545
|
| 035 |
|
|
|a (RuTPU)RU\TPU\book\313486
|
| 090 |
|
|
|a 288981
|
| 100 |
|
|
|a 20150330d1985 k y0rusy5003 ca
|
| 101 |
0 |
|
|a rus
|
| 102 |
|
|
|a RU
|
| 105 |
|
|
|a y z 001zy
|
| 200 |
1 |
|
|a Методы исследования состава органических соединений нефти и битумоидов
|e [сборник]
|f Академия наук СССР (АН СССР), Институт нефтехимического синтеза им. А. В. Топчиева (ИНХС) ; под ред. Г. Д. Гальперина
|
| 210 |
|
|
|a Москва
|c Наука
|d 1985
|
| 215 |
|
|
|a 238 с.
|c ил.
|
| 320 |
|
|
|a Библиография в конце статей
|
| 606 |
|
|
|a Органические соединения
|x Физико-химические исследования
|2 stltpush
|3 (RuTPU)RU\TPU\subj\75555
|9 87271
|
| 610 |
1 |
|
|a хроматографические методы
|
| 610 |
1 |
|
|a нефть
|
| 610 |
1 |
|
|a алканы
|
| 610 |
1 |
|
|a ароматические углеводороды
|
| 610 |
1 |
|
|a выделение
|
| 610 |
1 |
|
|a масс-спектральные методы
|
| 610 |
1 |
|
|a химическая ионизация
|
| 610 |
1 |
|
|a термодесорбция
|
| 610 |
1 |
|
|a спектроскопия
|
| 610 |
1 |
|
|a ЯМР
|
| 675 |
|
|
|a 547:543
|v 3
|
| 702 |
|
1 |
|a Гальперин
|b Г. Д.
|4 340
|
| 712 |
0 |
2 |
|a Академия наук СССР (АН СССР)
|b Институт нефтехимического синтеза им. А. В. Топчиева (ИНХС)
|c (Москва)
|c (1958-1991)
|2 stltpush
|3 (RuTPU)RU\TPU\col\12241
|
| 801 |
|
0 |
|a RU
|b RuMRKP
|c 19950704
|g psbo
|
| 801 |
|
1 |
|a RU
|b 63413507
|c 20150330
|
| 801 |
|
2 |
|a RU
|b 63413507
|c 20180323
|g RCR
|
| 942 |
|
|
|c BK
|